Harry Potter, l'enfant héros : Essai sur la psychopathologie de Harry Potter (notice n° 2171739)

détails MARC
000 -LEADER
fixed length control field 01189cam a2200133 4500500
005 - DATE AND TIME OF LATEST TRANSACTION
control field 20260405041722.0
041 ## - LANGUAGE CODE
Language code of text/sound track or separate title fre
042 ## - AUTHENTICATION CODE
Authentication code dc
100 10 - MAIN ENTRY--PERSONAL NAME
Personal name Auriacombe, Éric
Relator term author
245 00 - TITLE STATEMENT
Title Harry Potter, l'enfant héros : Essai sur la psychopathologie de Harry Potter
260 ## - PUBLICATION, DISTRIBUTION, ETC.
Name of publisher, distributor, etc. Presses Universitaires de France,<br/>
Date of publication, distribution, etc. 2005.<br/>
520 ## - SUMMARY, ETC.
Summary, etc. Pourquoi un tel succès, comment une telle série peut-elle passionner enfants et adultes&amp;#8239;? L’auteur, lui-même intrigué par ces volumes recoupant ses propres travaux et recherches sur le rôle des contes, la psychologie des enfants et la psychopathologie, s’est plongé dans l’analyse du livre et expose certains des thèmes qui l’ont passionné, en particulier une approche de la psychopathologie du deuil de l’enfant, la question du traumatisme, de la maltraitance, la fonction du secret et l’usage du monde magique. Un ouvrage passionnant qui, en décryptant le conte et la personnalité de Harry, permet de comprendre l’intérêt des lecteurs de tous les âgeset le succès de cette série.
856 41 - ELECTRONIC LOCATION AND ACCESS
Uniform Resource Identifier <a href="https://shs.cairn.info/harry-potter-l-enfant-heros--9782130553557?lang=fr&redirect-ssocas=7080">https://shs.cairn.info/harry-potter-l-enfant-heros--9782130553557?lang=fr&redirect-ssocas=7080</a>

Pas d'exemplaire disponible.

PLUDOC

PLUDOC est la plateforme unique et centralisée de gestion des bibliothèques physiques et numériques de Guinée administré par le CEDUST. Elle est la plus grande base de données de ressources documentaires pour les Étudiants, Enseignants chercheurs et Chercheurs de Guinée.

Adresse

627 919 101/664 919 101

25 boulevard du commerce
Kaloum, Conakry, Guinée

Réseaux sociaux

Powered by Netsen Group @ 2025